VISUAL IMPAIRMENT AND BLINDNESS (Record no. 17767)

MARC details
000 -LEADER
fixed length control field 00266nam a22001217a 4500
003 - CONTROL NUMBER IDENTIFIER
control field SGT
082 ## - DEWEY DECIMAL CLASSIFICATION NUMBER
Classification number 370
Item number RAN
100 ## - MAIN ENTRY--PERSONAL NAME
Personal name RANGNATHAN, SNEHLATA
245 ## - TITLE STATEMENT
Title VISUAL IMPAIRMENT AND BLINDNESS
260 ## - PUBLICATION, DISTRIBUTION, ETC. (IMPRINT)
Place of publication, distribution, etc DELHI
Name of publisher, distributor, etc KANISKA
Year of Publication 2012
300 ## - PAGE DESCRIPTION
No. of Pages 285
942 ## - ADDED ENTRY ELEMENTS (KOHA)
Source of classification or shelving scheme Dewey Decimal Classification
Koha item type Books
Holdings
Withdrawn status Lost status Source of classification or shelving scheme Damaged status Not for loan Collection code Home library Current library Date acquired SGTU Full call number Accession No. (Barcode) Date last seen Bill Date Koha item type
    Dewey Decimal Classification     EDUCATION SGT Engineering Library SGT Engineering Library 18/04/2019 SGTU 370 RAN ED4245 18/04/2019 18/04/2019 Books